| 000 | 00602nam a2200193 i 4500 | ||
|---|---|---|---|
| 001 | 185782 | ||
| 003 | ES-MaACL | ||
| 005 | 20250817051117.0 | ||
| 008 | 160808q1922 gw |||| | ger d | ||
| 100 | 1 |
_aEinstein, Carl, _d1885-1940 _9160386 |
|
| 245 | 1 | 4 |
_aDer frühere japanische holzschnitt / _cvon Carl Einstein. |
| 260 |
_aBerlin : _bE. Wasmuth A. G., _c[1922?] |
||
| 300 |
_a24 p., 48 p. de lám. ; _c26 cm. |
||
| 490 | 1 |
_aOrbis pictus ; _v16 |
|
| 650 | 7 |
_aGrabado japonés _2embne _9160387 |
|
| 830 | 0 |
_aOrbis pictus ; _v16 _9192388 |
|
| 852 |
_aES-MaACL _jG-13370 |
||
| 999 |
_c185782 _d185782 |
||